MDQL
is popping MORE tags! Check the
thread
!
Quizzes
Events
Quiz Creation
Community
Videos
Private Events
Remove Ads
Sign In
Join for FREE
Feedback
Dark Mode
Quiz Categories
Sports
Geography
Music
Movies
Television
Just For Fun
Miscellaneous
History
Literature
Language
Science
Gaming
Entertainment
Religion
Holiday
For Kids
Quiz Lab
Recent
Popular Today
Quiz Kudos Today
Editor Picks
Curator Picks
Quizzes by...
Day
Popularity
Type
Ratings
Length
Year
Community
Subscriptions
Recent Discussions
Orange Saloon
Badges
Playlists
Quests
Create
Leaderboards
Showdown
Live 5
Trivia Bingo
Activity
Puzzle Library
Sporcle Events
Private Events
Virtual Trivia
Globe League
Become a Host
Pub Owners
SporcleCon
Opinionation
Our Games
Videos
Blog
Mobile Apps
Partnerships
Remove Ads and Go Orange
Feedback
Sports
Athletes
MLB
NBA
NHL
NFL
Soccer
Sports Teams
WWE
NCAA
Football
Premier League
Basketball
Baseball
Hockey
Golf
Tennis
Cricket
Rugby
Auto Racing
Olympics
World Cup
Sports
Athletes
MLB
NBA
NHL
NFL
Soccer
Sports Teams
WWE
NCAA
Football
Premier League
Basketball
Baseball
Hockey
Golf
Tennis
Cricket
Rugby
Auto Racing
Olympics
World Cup
Random Quiz
Search Sporcle
×
Quiz Lab
Quiz Lab
Sports
KOT4Q
Type in answers that appear in a list
Type in answers that appear in a list
Classic
Best Score? Go Orange.
Top 10 NBA players per position Stats
Can you name the Top 10 NBA players per position?
By
CurryThomas890
10m
50 Questions
184 Plays
184 Plays
184 Plays
Comments
Comments
Give Quiz Kudos
Give Quiz Kudos
-
- Ratings
hide this ad
Replay
Link that replays current quiz
Next Quiz
Link to next quiz in quiz playlist
You Got
0%
They Got
Avg Score
64%
Avg Friend Score
Upgrade to see
Score Distribution
Jump to the score distribution portion of the page
Score
0/50
Timer
10:00
0
Plays Today
Rank
Player Name
% Correct
1
LeBron James
91.8%
1
Magic Johnson
91.3%
1
Michael Jordan
91.3%
4
Stephen Curry
90.8%
3
Jerry West
85.3%
2
Kobe Bryant
84.2%
1
Kareem Abdul-Jabbar
82.6%
4
Shaquille O'Neal
82.1%
1
Tim Duncan
81.5%
2
Larry Bird
80.4%
2
Wilt Chamberlain
79.9%
3
Bill Russell
79.9%
3
John Stockton
77.2%
2
Karl Malone
75%
2
Oscar Robertson
74.5%
4
Kevin Durant
74.5%
6
Moses Malone
73.9%
4
Dwyane Wade
73.4%
5
Hakeem Olajuwon
72.8%
6
Scottie Pippen
71.2%
7
Steve Nash
70.7%
6
Allen Iverson
69.6%
5
Isiah Thomas
69%
8
Jason Kidd
67.4%
5
Kevin Garnett
67.4%
Rank
Player Name
% Correct
6
Chris Paul
66.8%
7
David Robinson
63.6%
3
Dirk Nowitzki
63%
8
Patrick Ewing
62%
3
Julius Erving
60.9%
10
Bob Cousy
60.3%
4
Charles Barkley
59.2%
8
Ray Allen
57.1%
5
Clyde Drexler
54.3%
6
Kevin McHale
53.8%
10
Dennis Rodman
53.3%
5
Elgin Baylor
52.7%
9
Reggie Miller
51.1%
10
Dominique Wilkins
51.1%
7
John Havlicek
50%
7
Bob Pettit
48.9%
9
George Mikan
45.7%
9
James Worthy
45.1%
8
Elvin Hayes
44.6%
9
Walt Frazier
43.5%
10
Bill Walton
41.8%
9
Pau Gasol
38.6%
7
George Gervin
38%
8
Rick Barry
31.5%
10
Earl Monroe
22.3%
Quiz Playlist
Details
Report
Send in Message
Add To Playlist
Classic:
Type in answers that appear in a list
Last Updated: Apr 6, 2017
Quiz Scoreboard
CHALLENGE
Sign Up to Join the Scoreboard
Show All
Scores
Hide
Comments
May contain spoilers
Recently Published
Street Fighter Characters
by Artimus82
Gaming
60s
9x9 Crossword: Cartoon Network
by jackfrog10
Miscellaneous
3m
College Basketball Coaching Resumes
by pancakes188
Sports
9m
More to Explore
Quiz From the Vault
Featured Blog Post
Where Did the Easter Bunny Come From?
hide this ad
You Might Also Like...
Tags
KOT4Q
Today's Top Quizzes in Sports
Browse Sports
hide this ad
Today's Top Quizzes in KOT4Q
Browse KOT4Q
Top Contributed Quizzes in Sports
1
2022 World Cup Stars
2
Les meilleurs buteurs des matchs entre le PSG et l’OM
3
FIFA Club World Cup Champions
4
Les entraîneurs de l'OM et du PSG au 21e siècle
5
Criteria MLB: Left Handed Sluggers
6
2023 MLB Unique Player Accomplishments
7
AFC Teams Reveal (Wrong Answers Minefield)
8
5-to-1: FBS Animal Nicknames
9
Players with Multiple 50 Home Run Seasons
10
5-to-1: UK Sports Teams
Explore More
Trending Topics
Anime
Disney
Kpop
Marvel
Harry Potter
Crossword
NBA
Country
WWE
NFL
Song
The Office
Puzzle
Soccer
Pokémon
hide this ad
More By:
CurryThomas890
Quiz
Plays
Rating
Category
Featured
Created
Top 10 NBA players per position
184
1.00
Sports
Apr 6, 2017
Go to Creator's Profile
Score Distribution
Quiz Creator Spotlight
CurryThomas890
Follow
Send a Message
Quizzes Created
-
Created Quiz Play Count
-
More By This Creator
Popular Quizzes Today
1
Find the US States - No Outlines Minefield
2
Find the Countries of Europe - No Outlines Minefield
3
The Countries of the World
4
Find the US States
5
Risky Map Clicking: Biggest States A-Z
6
US States
7
Popular People in 1961
8
Movies - When Are They Set?
More Sports Quizzes
Одноклубники Игнашевича
Quiz Lab
Trending Quizzes
Risky Map Clicking: Least Populous States A-Z
Countries of the World: 200 Million BC
Billboard Blitz: Aretha Franklin
1-10 Letter G Words
Famous Russians: Author or Composer?
Recently Updated
Leaping Animals
pecheneg
Reality TV Shows (A-Z)
bhenderson79
Rickey Henderson's Hall of Fame Teammates
pecheneg
Champions League XIs: Arsenal
pecheneg
Quick Pick: Celebrities in WWE's Hall of Fame
aduchscher
A-Z Keypad Blitz II
pecheneg
Multiple Oscar Actors
pecheneg
Mystery Phrase Blitz: Oscar 'Best Actors'
pecheneg
F. Scott Fitzgerald Novels
LTH
Pick 3 Villains
ddd62291
Trending Topics
Harry Potter
Kpop
Crossword
NBA
Marvel
Disney
Anime
Country
Puzzle
Soccer
WWE
Pokémon
The Office
NFL
Song
Your Account Isn't Verified!
In order to create a playlist on Sporcle, you need to verify the email address you used during registration. Go to your
Sporcle Settings
to finish the process.
Report this User
Report this user for behavior that violates our
Community Guidelines
.
Details:
Send Report
Go to the Sporcle.com Mobile Site →
Comments